| 000 | 00933 a2200253 4500 | ||
|---|---|---|---|
| 003 | OSt | ||
| 005 | 20180116192330.0 | ||
| 008 | 120516t xxu||||| |||| 00| 0 eng d | ||
| 010 | _a 2009255193 | ||
| 022 | 0 | _a1948-1012 | |
| 035 | _a(OCoLC)ocn317987623 | ||
| 040 | _c0 | ||
| 082 | 1 | 0 | _a720 |
| 245 | 0 | 0 |
_aBest tall buildings : _bCTBUH international award winning projects. |
| 260 |
_aChicago : _bCouncil on Tall Buildings and Urban Habitat ; _aBurlington, MA : _bElsevier/Architectural Press, _cc2008- |
||
| 300 |
_a167p:. _bill. ; _c27 cm. |
||
| 500 | _aDescription based on: 2008; title from title page. | ||
| 650 | 0 |
_aTall buildings _91522 |
|
| 650 | 0 |
_aArchitecture, Modern _y20th century _91523 |
|
| 650 | 0 |
_aArchitecture, Modern _y21st century _91524 |
|
| 710 | 2 |
_aCouncil on Tall Buildings and Urban Habitat. _91525 |
|
| 942 |
_aSADA _cBK _k720 BES 2010 _2ddc |
||
| 999 |
_c352314 _d352314 |
||